000
00309nam a2200121Ia 4500
008
231129s1963||||xx |||||||||||||| ||spa||
082
_a
HAJ- 0460
100
_a
Russell Bertrand
245
0
_a
La guerra nuclear ante el sentido comĂșn
260
_c
1963
264
_a
Madrid: Aguilar 1963
942
_2
ddc
_c
BKS
999
_c
17269
_d
17269